Prime Ministers of India - Statistics

General Stats
  • This quiz has been taken 1,146 times
  • The average score is 7 of 14
Answer Stats
Hint Answer % Correct
Jawaharlal Nehru
96%
Indira Gandhi
88%
Manmohan Singh
79%
Rajiv Gandhi
74%
Atal Bihari Vajpayee
63%
Lal Bahadur Shastri
52%
Morarji Desai
39%
P. V. Narasimha Rao
37%
V. P. Singh
32%
I. K. Gujral
28%
Charan Singh
26%
H. D. Deve Gowda
24%
Chandra Shekhar
23%
Gulzarilal Nanda
23%
No matching quizzes found
Score Distribution
Percent of People with Each Score
Percentile by Number Answered
Your Score History
You have not taken this quiz